Learn to play chess : (Record no. 65554)
[ view plain ]
| 000 -LEADER | |
|---|---|
| fixed length control field | 00741nam a22002057a 4500 |
| 005 - DATE AND TIME OF LATEST TRANSACTION | |
| control field | 20130315165646.0 |
| 010 ## - LCCN (DPL NO) | |
| LC control number | ENG-105092 B-491360-363 |
| 020 ## - INTERNATIONAL STANDARD BOOK NUMBER | |
| International Standard Book Number | 9788183822640 |
| Terms of availability | 125.00 |
| 035 ## - SYSTEM CONTROL NUMBER | |
| System control number | EN-88625 B-491360-363 |
| 037 ## - SOURCE OF ACQUISITION | |
| Source of stock number/acquisition | DBAD/PUB |
| 037 ## - SOURCE OF ACQUISITION | |
| Source of stock number/acquisition | Mallika Books/Ven |
| 082 ## - DEWEY DECIMAL CLASSIFICATION NUMBER | |
| Classification number | 794.1 |
| 100 ## - MAIN ENTRY--PERSONAL NAME | |
| Personal name | Saha, Shruti |
| 245 ## - TITLE STATEMENT | |
| Title | Learn to play chess : |
| Statement of responsibility, etc | by Shruti Saha |
| Remainder of title | tactics & strategies / |
| 260 ## - PUBLICATION, DISTRIBUTION, ETC. (IMPRINT) | |
| Place of publication, distribution, etc | New Delhi |
| Name of publisher, distributor, etc | Lotus Press |
| Date of publication, distribution, etc | 2012 |
| 270 ## - ADDRESS | |
| Address | 4735/22,Prakash Deep Building,Ansari Road,Darya Ganj, |
| City | New Delhi |
| Postal code | 110002 |
| 300 ## - PHYSICAL DESCRIPTION | |
| Extent | 214p. |
| Dimensions | 22cm(pbk) |
| Other physical details | ill |
| 942 ## - ADDED ENTRY ELEMENTS (KOHA) | |
| Source of classification or shelving scheme | Dewey Decimal Classification |
| Item type | English Books |
| Call number suffix | SAH |
| Classification part | 794.1 |
| Withdrawn status | Lost status | Not for loan | Collection code | Home library | Current library | Date acquired | Source of acquisition | Cost, normal purchase price | Full call number | Barcode | Copy number | Cost, replacement price | Koha item type |
|---|---|---|---|---|---|---|---|---|---|---|---|---|---|
| Not For Loan | Non-fiction | D.B.Act.Division | D.B.Act.Division | 24/04/2012 | DBAD / PUB | 125.00 | 794.1 SAH | EN-88625 | 1 | 125.00 | English Books | ||
| Written-off vide DLB M. No. 383 dt 16.05.19 | Sarojini Nagar | Sarojini Nagar | 15/03/2013 | Mallika Books/68/10.01.2013/23/18.12.2012/18.01.2013 | 125.00 | 794.1 SAH | B-491360 | 1 | 125.00 | English Books | |||
| Shahdara Branch | Shahdara Branch | 15/03/2013 | Mallika Books/68/10.01.2013/23/18.12.2012/18.01.2013 | 125.00 | 794.1 SAH | B-491362 | 1 | 125.00 | English Books | ||||
| Vinoba Puri | Vinoba Puri | 15/03/2013 | Mallika Books/68/10.01.2013/23/18.12.2012/18.01.2013 | 125.00 | 794.1 SAH | B-491361 | 1 | 125.00 | English Books | ||||
| Yojana Vihar | Yojana Vihar | 15/03/2013 | Mallika Books/68/10.01.2013/23/18.12.2012/18.01.2013 | 125.00 | 794.1 SAH | B-491363 | 1 | 125.00 | English Books |
